| 000 | 00677nam a2200205 a 4500 | ||
|---|---|---|---|
| 001 | 3109 | ||
| 003 | CDMR | ||
| 005 | 20131112171803.0 | ||
| 008 | 130130s1980||||||||||||||||||||||||||||d | ||
| 020 | _a8470740482 | ||
| 040 |
_aCDMR _bcat _cCDMR |
||
| 100 | 1 |
_aAguinaga, Enrique de _92267 |
|
| 245 | 1 | 0 |
_aPeriodismo, profesión _b: estudio para la definición objetiva del ejercicio profesional del periodismo _cEnrique de Aguinaga |
| 260 |
_aMadrid _c1980 _bFragua |
||
| 300 | _a369 p. | ||
| 650 | 0 | 4 |
_92030 _aPeriodisme _xOrientació professional |
| 650 | 0 | 4 |
_93782 _aPeriodistes _xPràctica professional |
| 650 | 0 | 4 |
_92767 _aPeriodistes _xSituació legal, lleis, etc |
| 942 |
_cMON _2udc |
||
| 999 |
_c3109 _d3109 |
||